| 000 | 01388nam0a22003491 4500 | ||
|---|---|---|---|
| 001 | v19\rc\1843503 | ||
| 005 | 20251118180028.1 | ||
| 035 | _a(NLR Aleph) 004936589 | ||
| 090 |
_a5736102 _c5736102 |
||
| 100 | _a20251123 rusy50 | ||
| 101 | 1 |
_arus _ceng |
|
| 102 | _aRU | ||
| 105 | _ay z ||||| | ||
| 200 | 1 |
_aОбразование характера мыслительными силами _e(Из книги "Что ищет весь свет") _fРальф Вальдо Трайн |
|
| 210 |
_aМосква _cА.П. Ошин _d1908 |
||
| 215 | _a32 с. | ||
| 311 | _aИзд. также под загл.: Могущество мысли в образовании характера | ||
| 488 | 0 |
_12001#$aМогущество мысли в образовании характера _tМогущество мысли в образовании характера |
|
| 488 | 0 |
_12001#$aЧто ищет весь свет _tЧто ищет весь свет |
|
| 700 | 1 |
_aТрайн _bР.В. _gРальф Вальдо |
|
| 801 | 0 |
_aRU _bNLR _gpsbo |
|
| 801 | 0 |
_aRU _bRuMoRGB _2psbo |
|
| 801 | 1 |
_aRU _bProSoft-M _2rusmarc |
|
| 852 |
_aNLR _j34.53.6.511 |
||
| 899 |
_aRuMoRGB _jU 296/107 |
||
| 899 |
_aRuMoRGB _jU 250/911 |
||
| 899 |
_aRuMoRGB _jU 6/1878 |
||
| 899 |
_aRuMoRGB _j801-91/9894-1 |
||
| 899 |
_aRuMoRGB _jФ 1-76/17090 |
||
| 899 | _aБАН | ||
| 942 | _cBOOK | ||
| 980 | _aNB | ||